| 000 | 00660nam a2200229 4500 | ||
|---|---|---|---|
| 008 | 151015b xxu||||| |||| 00| 0 eng d | ||
| 020 | _a978053460132 | ||
| 020 | _a0534601324 | ||
| 041 | _aeng | ||
| 080 | _a329 | ||
| 100 | 1 | _aBibby, John F. | |
| 245 | 1 | 0 |
_aPolitics, parties, and elections in America / _cJohn F. Bibby, Brian F. Schaffner. |
| 246 | 1 | 4 | _aPolitics, parties & elections in America |
| 250 | _a6th ed. | ||
| 260 |
_aBoston, MA : _bThomson/Wadsworth, _cc2008. |
||
| 300 |
_axi, 401 f. : _bme il; _c23 cm. |
||
| 650 | 0 | _aPolitikë | |
| 650 | 0 | _aPartitë politike | |
| 650 | 0 | _aZgjedhjet | |
| 700 | 1 | _aSchaffner, Brian F. | |
| 942 |
_2udc _cBK |
||
| 999 |
_c1279 _d1279 |
||